| 000 | 00428nam a2200145 4500 | ||
|---|---|---|---|
| 020 | _a0-07-042727-5 | ||
| 050 | _aTS155 M745 | ||
| 082 | _a658.53 M445o | ||
| 100 | _aMonks, Joseph G. | ||
| 245 | _aOperations management Theory and problems / Joseph G. Monks | ||
| 250 | _a3a ed. | ||
| 260 | _aEstados Unidos : McGraw-Hill | ||
| 300 | _aXIV, 719p. / 24 cm. | ||
| 650 | _a1. OPERATIONS DECISION MAKING \ 2. PRODUCTS AND PROCESSES | ||
| 999 |
_c23601 _d23601 |
||